[Event "Women's Speed Chess Q5"]
[Site "chess.com INT"]
[Date "2020.06.22"]
[Round "1"]
[White "Narva, Mai"]
[Black "Belenkaya, Dina"]
[Result "0-1"]
[WhiteTitle "WIM"]
[BlackTitle "WGM"]
[WhiteElo "2333"]
[BlackElo "2297"]
[WhiteFideId "4500512"]
[BlackFideId "24142654"]
[EventDate "2020.06.22"]

1. e4 d5 2. exd5 Qxd5 3. Nc3 Qa5 4. d4 Nf6 5. Nf3 Bf5 6. Bc4 e6 7. O-O c6 8. Bf4
Nbd7 9. a3 Be7 10. h3 O-O 11. Re1 Rfe8 12. Ne2 b5 13. Bb3 Nd5 14. Bd2 Qb6 15.
Ng3 Bg6 16. c3 a5 17. a4 Bd6 18. Ne4 Bc7 19. Nh4 Bxe4 20. Rxe4 N7f6 21. Re1 b4
22. c4 Nf4 23. Qf3 Qxd4 24. Be3 Qxb2 25. Bxf4 Bxf4 26. Rab1 Qd4 27. Qxc6 Rac8
28. Qf3 Bg5 29. g3 Bxh4 30. gxh4 Qxh4 31. Kh2 Rc5 32. Rg1 Rf5 33. Qg3 Rxf2+ 34.
Kh1 Qxg3 35. Rxg3 Ne4 36. Re3 Nc3 37. Rg1 Rd8 38. Rg2 Rxg2 39. Kxg2 Rd2+ 40. Kf3
Rb2 41. c5 Rxb3 42. c6 Nd5 43. Rxb3 Kf8 44. Rd3 Ke7 45. Ke4 Kd6 46. Rg3 Kxc6 47.
Rxg7 b3 48. Rg2 Nc3+ 49. Kd3 Nxa4 50. Kc4 Nc5 51. Kc3 a4 52. Kb4 f5 53. Re2 f4
54. Re5 Nd3+ 55. Kxa4 Nxe5 56. Kxb3 f3 57. Kc3 f2 58. Kd4 f1=Q 59. Kxe5 Qe1+ 60.
Kf6 Kc5 61. h4 Kc4 62. Kg7 Kc3 63. h5 e5 64. h6 e4 0-1

[Event "Women's Speed Chess Q5"]
[Site "chess.com INT"]
[Date "2020.06.22"]
[Round "1"]
[White "Priyanka, K"]
[Black "Cyfka, Karina"]
[Result "1-0"]
[WhiteTitle "WIM"]
[BlackTitle "IM"]
[WhiteElo "2218"]
[BlackElo "2411"]
[WhiteFideId "5082986"]
[BlackFideId "1122681"]
[EventDate "2020.06.22"]

1. e4 e5 2. f3 Nc6 3. Nc3 g6 4. g3 Bg7 5. Nge2 h5 6. h4 Nge7 7. Bh3 d5 8. Bxc8
Rxc8 9. exd5 Nxd5 10. d3 O-O 11. Nxd5 Qxd5 12. Nc3 Qe6 13. Be3 Nd4 14. Kf2 f5
15. Bxd4 exd4 16. Ne2 Qe3+ 17. Kg2 Bh6 18. Re1 Rfe8 19. Ng1 Qd2+ 20. Qxd2 Bxd2
21. Re2 Be3 22. Rae1 Red8 23. f4 Rd6 24. Nf3 Kg7 25. c3 c5 26. c4 a6 27. b3 b5
28. Ne5 Rb8 29. Kf3 Kf6 30. Rc2 Rc8 31. cxb5 axb5 32. b4 c4 33. dxc4 d3 34. Nxd3
Rxd3 35. Rxe3 Rd4 36. Rec3 bxc4 37. a4 Ra8 38. a5 Rb8 39. Rxc4 Rd3+ 40. Kf2 Rb3
41. Ra2 Rd8 42. a6 Rdd3 43. a7 Rf3+ 44. Ke2 Rfe3+ 45. Kd2 Rbd3+ 46. Kc2 Re2+ 47.
Kxd3 Rxa2 48. Rc6+ Ke7 49. Rc7+ Kd6 50. Rg7 Kd5 51. b5 Kc5 52. Rb7 Ra3+ 53. Kc2
Ra2+ 54. Kb3 Ra5 55. b6 Kc6 56. Rb8 Rb5+ 57. Kc3 Rc5+ 58. Kd3 Rd5+ 59. Ke3 Ra5
60. a8=Q+ Rxa8 61. Rxa8 Kxb6 62. Rg8 Kc5 63. Rxg6 Kd5 64. Rg5 Ke6 65. Rxh5 Kf6
66. Rg5 1-0

[Event "Women's Speed Chess Q5"]
[Site "chess.com INT"]
[Date "2020.06.22"]
[Round "1"]
[White "Abrahamyan, Tatev"]
[Black "Zimina, Olga"]
[Result "1-0"]
[WhiteTitle "WGM"]
[BlackTitle "IM"]
[WhiteElo "2358"]
[BlackElo "2378"]
[WhiteFideId "13301918"]
[BlackFideId "4132190"]
[EventDate "2020.06.22"]

1. e4 c6 2. d4 d5 3. Nc3 dxe4 4. Nxe4 Bf5 5. Ng3 Bg6 6. h4 h6 7. Nf3 Nd7 8. h5
Bh7 9. Bd3 Bxd3 10. Qxd3 e6 11. Bd2 Ngf6 12. O-O-O Qc7 13. Kb1 O-O-O 14. Ne4
Nxe4 15. Qxe4 Nf6 16. Qe2 Bd6 17. c4 c5 18. Bc3 Rhe8 19. Ne5 Kb8 20. g4 Ka8 21.
f4 cxd4 22. Bxd4 Rc8 23. b3 Ng8 24. Qf2 b6 25. Rhe1 Bb4 26. Qf3+ Qb7 27. Qxb7+
Kxb7 28. Rg1 f6 29. Ng6 Ne7 30. Nxe7 Bxe7 31. g5 hxg5 32. fxg5 e5 33. gxf6 Bxf6
34. Be3 e4 35. Rg6 Be5 36. Kc2 Rc6 37. Rg4 Rh8 38. Rh1 g6 39. h6 Bf6 40. Rxe4
Rd6 41. Rg4 g5 42. Bxg5 Bxg5 43. Rxg5 Rdxh6 44. Rg7+ Ka6 45. Rd1 Rh2+ 46. Kc3
R8h3+ 47. Kb4 Rg3 48. Rxg3 Rxa2 49. c5 bxc5+ 50. Kxc5 Ra5+ 51. Kb4 Rb5+ 52. Kc4
Rh5 53. Rd6+ Kb7 54. Rg7+ Kc8 55. Rf6 Rh8 56. Rxa7 Kb8 57. Rff7 Rh4+ 58. Kb5
Rh5+ 59. Ka4 Rh4+ 60. b4 Rh1 61. Rfb7+ Kc8 62. Rg7 Kb8 63. Raf7 Ra1+ 64. Kb5 Rc1
65. Rf8+ Rc8 66. Rxc8+ Kxc8 67. Kc6 1-0

[Event "Women's Speed Chess Q5"]
[Site "chess.com INT"]
[Date "2020.06.22"]
[Round "1"]
[White "Mkrtchian, Lilit"]
[Black "Narva, Regina"]
[Result "1-0"]
[WhiteTitle "IM"]
[BlackTitle "WFM"]
[WhiteElo "2388"]
[BlackElo "1905"]
[WhiteFideId "13300601"]
[BlackFideId "4500237"]
[EventDate "2020.06.22"]

1. d4 Nf6 2. c4 d6 3. Nc3 g6 4. e4 Bg7 5. Nf3 b6 6. Bd3 a6 7. O-O c5 8. d5 Ra7
9. h3 O-O 10. a4 e5 11. g4 h5 12. Nh2 hxg4 13. hxg4 Nh7 14. Kg2 Qh4 15. Rh1 Ng5
16. Nf1 Qxg4+ 17. Qxg4 Bxg4 18. Bxg5 f5 19. f3 fxe4 20. Bxe4 Bf5 21. Ng3 Raf7
22. Raf1 Nd7 23. Nd1 Rb8 24. Ne3 b5 25. axb5 axb5 26. Ngxf5 gxf5 27. Bxf5 bxc4
28. Be6 Rxb2+ 29. Rf2 c3 30. Rc1 e4 31. Bxf7+ Kxf7 32. fxe4+ Kg6 33. Bf4 Bd4 34.
Rcc2 Nf6 35. Rxb2 cxb2 36. Rf1 Nxe4 37. Nc4 Nc3 38. Nxb2 Ne2 39. Nc4 Nxf4+ 40.
Rxf4 Kg5 41. Rf8 Kg6 42. Nxd6 Be5 43. Ne4 c4 44. d6 c3 45. d7 c2 46. Rc8 Bf6 47.
Kf3 Be7 48. Ke2 Kf5 49. Ng3+ Ke6 50. Kd2 Kxd7 51. Rxc2 Bg5+ 52. Kd3 Bf6 53. Ne4
Be5 54. Kc4 Ke6 55. Nc5+ Kf5 56. Kd5 Bg3 57. Re2 Kf4 58. Nd3+ Kf3 59. Re8 Bc7
60. Kd4 1-0

[Event "Women's Speed Chess Q5"]
[Site "chess.com INT"]
[Date "2020.06.22"]
[Round "1"]
[White "Batsiashvili, Nino"]
[Black "Shvedova, Alexandra"]
[Result "1-0"]
[WhiteTitle "GM"]
[BlackTitle "WFM"]
[WhiteElo "2457"]
[BlackElo "1994"]
[WhiteFideId "13602993"]
[BlackFideId "54154782"]
[EventDate "2020.06.22"]

1. d4 d5 2. Nf3 Nf6 3. Bf4 c5 4. e3 Nc6 5. Nbd2 Bf5 6. Bb5 a6 7. Bxc6+ bxc6 8.
dxc5 e6 9. Nd4 Rc8 10. Nxf5 exf5 11. Nb3 Bxc5 12. Nxc5 Qa5+ 13. c3 Qxc5 14. Qd4
Qxd4 15. cxd4 O-O 16. Rc1 Rfd8 17. Ke2 Ne4 18. f3 Nd6 19. Rc3 Nb5 20. Rc2 Re8
21. Kd3 f6 22. Rhc1 Na7 23. Rc5 g5 24. Bg3 Re7 25. Ra5 Rb7 26. Rc2 Rb6 27. Bd6
Nb5 28. Bc5 Rbb8 29. Rxa6 Ra8 30. Rxa8 Rxa8 31. a3 Kf7 32. Bb4 Ra6 33. b3 Ke6
34. a4 Nc7 35. Bc5 Kd7 36. Ra2 Ne6 37. b4 Ra8 38. a5 Nc7 39. Re2 Na6 40. e4
fxe4+ 41. fxe4 Rb8 42. exd5 Nxc5+ 43. dxc5 Rxb4 44. d6 Rb5 45. Re7+ Kd8 46. Kc4
Rxa5 47. Rc7 Ra4+ 48. Kb3 Ra6 49. Rxh7 Ra5 50. Kb4 Ra1 51. Rc7 Rb1+ 52. Kc4 Rc1+
53. Kd4 Rd1+ 54. Ke4 Re1+ 55. Kf5 Re2 56. Rxc6 Rxg2 57. Ra6 Rxh2 58. c6 Rf2+ 59.
Kg6 1-0

[Event "Women's Speed Chess Q5"]
[Site "chess.com INT"]
[Date "2020.06.22"]
[Round "1"]
[White "Peycheva, Gergana"]
[Black "De Seroux, Camille"]
[Result "1-0"]
[WhiteTitle "FM"]
[BlackTitle "WIM"]
[WhiteElo "2255"]
[BlackElo "2137"]
[WhiteFideId "2916711"]
[BlackFideId "1305620"]
[EventDate "2020.06.22"]

1. d4 Nf6 2. c4 c5 3. d5 b5 4. cxb5 a6 5. b6 e6 6. e4 Nxe4 7. Bc4 Qxb6 8. Qd3
Nf6 9. Nc3 Bb7 10. Nge2 Be7 11. O-O O-O 12. b3 e5 13. Ng3 d6 14. Nf5 Re8 15. Qg3
g6 16. Nxe7+ Rxe7 17. Bg5 Nbd7 18. Qh4 Ree8 19. Bxf6 Nxf6 20. Qxf6 Rad8 21. Ne4
Qc7 22. Qh4 Qe7 23. Qxe7 Rxe7 24. Rad1 f5 25. Ng5 e4 26. Ne6 Rde8 27. Rfe1 Kf7
28. f3 exf3 29. gxf3 Kf6 30. Kf2 Bc8 31. Re2 g5 32. Rde1 h5 33. Rg1 g4 34. fxg4
hxg4 35. h3 gxh3 36. Rh1 Rh7 37. Re3 Reh8 38. Rh2 Rh4 39. Rf3 Bb7 40. Nf4 Rg4
41. Rhxh3 Rxh3 42. Nxh3 Ke5 43. Re3+ Re4 44. Ng5 Rxe3 45. Kxe3 Bxd5 46. Bxa6 Bg8
47. Nf3+ Kf6 48. Kf4 d5 49. Bd3 Be6 50. a4 c4 51. bxc4 dxc4 52. Bc2 Bd7 53. a5
Bb5 54. Nd4 Ba6 55. Nxf5 c3 56. Ke4 Ke6 57. Nd4+ Kd6 58. Nb3 Kc6 59. Kd4 Bb5 60.
Kxc3 Kb7 61. Kb4 Ka6 62. Nc5+ Ka7 63. Kxb5 Ka8 64. Be4+ Ka7 65. a6 Kb8 66. Kb6
Kc8 67. a7 1-0

[Event "Women's Speed Chess Q5"]
[Site "chess.com INT"]
[Date "2020.06.22"]
[Round "1"]
[White "Goh, Jie Yi"]
[Black "Charochkina, Daria"]
[Result "0-1"]
[WhiteTitle "WCM"]
[BlackTitle "IM"]
[WhiteElo "1743"]
[BlackElo "2356"]
[WhiteFideId "5710049"]
[BlackFideId "4180917"]
[EventDate "2020.06.22"]

1. d4 f5 2. Bf4 Nf6 3. e3 e6 4. Bd3 d5 5. Nf3 Bd6 6. Bg3 O-O 7. Ne5 Ne4 8. O-O
Nxg3 9. hxg3 Bxe5 10. dxe5 c5 11. c3 Nc6 12. f4 c4 13. Bc2 Qb6 14. Qc1 Bd7 15.
Nd2 Qxe3+ 16. Kh2 Be8 17. Re1 Qc5 18. Nf3 Bh5 19. Ng5 Rae8 20. Bd1 Bxd1 21. Qxd1
h6 22. Nf3 Qe7 23. Rh1 g5 24. Kg1 g4 25. Nd2 Kg7 26. Kf2 Qc5+ 27. Ke2 d4 28. Qg1
d3+ 29. Kd1 Qxg1+ 30. Rxg1 b5 31. Ke1 Ne7 32. Kf2 Ra8 33. a4 a6 34. axb5 axb5
35. Ke3 Rfd8 36. Kf2 Nd5 37. Rgb1 Nb6 38. Ke3 Na4 39. Kf2 Kf7 40. Ra2 Nc5 41.
Rba1 Rxa2 42. Rxa2 Ne4+ 43. Ke3 Nxg3 44. Ra5 Ne4 45. Rxb5 Nxd2 46. Kxd2 h5 47.
Rb7+ Kg8 48. Rb6 Re8 49. Rb4 Rc8 50. Rb6 Kf7 51. Rb7+ Kg6 52. Rb6 h4 53. Rxe6+
Kh5 54. Re7 Rb8 55. Ke3 Rxb2 56. Rf7 Re2+ 57. Kd4 d2 58. Rxf5+ Kg6 59. Rg5+ Kf7
60. Rxg4 d1=Q+ 61. Kxc4 Re4+ 62. Kc5 Qg1+ 63. Kd5 Re1 64. Rxh4 Rd1+ 65. Kc4 Qf1+
66. Kc5 Qf2+ 67. Kc4 Qxh4 68. Kb5 Qxf4 69. c4 Qxe5+ 70. c5 Rc1 71. Kb6 Qxc5+ 72.
Kb7 Rb1+ 73. Ka6 Qa3# 0-1

[Event "Women's Speed Chess Q5"]
[Site "chess.com INT"]
[Date "2020.06.22"]
[Round "1"]
[White "Mamedjarova, Turkan"]
[Black "Gokbulut, Julia"]
[Result "1-0"]
[WhiteTitle "WGM"]
[BlackTitle "WFM"]
[WhiteElo "2309"]
[BlackElo "1970"]
[WhiteFideId "13402005"]
[BlackFideId "4153979"]
[EventDate "2020.06.22"]

1. d4 d5 2. Nf3 Nf6 3. c4 e6 4. Nc3 Be7 5. Bf4 c6 6. e3 O-O 7. c5 b6 8. b4 a5 9.
a3 axb4 10. axb4 Rxa1 11. Qxa1 bxc5 12. bxc5 Nh5 13. Bxb8 Bd7 14. Bd6 Bxd6 15.
cxd6 Qb6 16. Bd3 c5 17. O-O Qxd6 18. Qa3 Rc8 19. h3 Nf6 20. Ne5 Be8 21. Rb1 g6
22. Ne2 Qc7 23. Qxc5 Qxc5 24. dxc5 Rxc5 25. Rb8 Kf8 26. Nd4 Rc1+ 27. Kh2 Ke7 28.
Bb5 Bxb5 29. Rxb5 Rc7 30. Rb8 Ne4 31. f3 Nd2 32. Ndc6+ Kf6 33. Kg3 Kf5 34. Rb4
f6 35. Rf4+ Kg5 36. h4+ Kh6 37. Rxf6 Nc4 38. Nxc4 dxc4 39. Nd4 e5 40. Nc2 c3 41.
Rd6 Kg7 42. e4 Kf7 43. Kf2 h5 44. Ke3 Ra7 45. Kd3 Rc7 46. Rb6 Rc8 47. Rb3 Rd8+
48. Ke3 Rc8 49. Kd3 Rc7 50. Rxc3 Rd7+ 51. Ke2 Kf6 52. Ne3 Kg7 53. Rc6 Kf7 54.
Nc4 Re7 55. Ke3 Kg7 56. Rc5 Kf6 57. f4 exf4+ 58. Kxf4 Kg7 59. Rc6 Rf7+ 60. Ke3
Re7 61. e5 Kf7 62. Ke4 Kg7 63. Ne3 Ra7 64. g3 Ra4+ 65. Rc4 Ra5 66. Ng2 Ra1 67.
Nf4 Ra6 68. Rc7+ 1-0

[Event "Women's Speed Chess Q5"]
[Site "chess.com INT"]
[Date "2020.06.22"]
[Round "1"]
[White "Swati, Mohota"]
[Black "Klinova, Masha"]
[Result "0-1"]
[WhiteTitle "WFM"]
[BlackTitle "IM"]
[WhiteElo "2027"]
[BlackElo "2275"]
[WhiteFideId "5006511"]
[BlackFideId "2802015"]
[EventDate "2020.06.22"]

1. d4 d6 2. c4 e5 3. Nc3 exd4 4. Qxd4 Nc6 5. Qd1 Nf6 6. Nf3 Be6 7. b3 d5 8. cxd5
Nxd5 9. Nxd5 Qxd5 10. Qxd5 Bxd5 11. e3 Nb4 12. Nd4 c5 13. Bb5+ Bc6 14. Nxc6 bxc6
15. Ba4 O-O-O 16. Ke2 Kb7 17. Bd2 Bd6 18. Rhc1 Nd5 19. g3 Nb6 20. Ba5 Rd7 21.
Bxb6 axb6 22. b4 b5 23. Bb3 cxb4 24. Rc2 Rhd8 25. Rd1 Kb6 26. Rcd2 Kc7 27. e4 c5
28. Bd5 f6 29. f4 c4 30. Be6 Re7 31. f5 Ree8 32. Rd5 Kc6 33. g4 Bc7 34. Bd7+
Rxd7 35. Rxd7 Rxe4+ 36. Kf3 Rf4+ 37. Kg3 Be5 38. Kh3 Rf2 39. R7d2 Rf3+ 40. Kg2
Ra3 41. h3 b3 42. axb3 Rxb3 43. Rd8 Kc5 44. R1d5+ Kb4 45. Rb8 Bxb8 46. Rd7 Be5
47. Rxg7 Rg3+ 48. Kf2 Rxh3 49. Re7 Kc3 50. Rxe5 fxe5 51. f6 Rd3 52. g5 Rd8 53.
Ke2 Rg8 54. Ke3 Rxg5 55. Ke4 Rg8 56. Kxe5 h5 57. f7 Ra8 58. Kf6 h4 59. Kg5 h3
60. Kg6 h2 61. Kg7 h1=Q 62. f8=Q Qg2+ 63. Kh7 Rxf8 64. Kh6 Rh8# 0-1

[Event "Women's Speed Chess Q5"]
[Site "chess.com INT"]
[Date "2020.06.22"]
[Round "1"]
[White "Sviridova, Vlada"]
[Black "Vantika, Agrawal"]
[Result "1/2-1/2"]
[WhiteTitle "WFM"]
[BlackTitle "WIM"]
[WhiteElo "2144"]
[BlackElo "2286"]
[WhiteFideId "24109606"]
[BlackFideId "25050389"]
[EventDate "2020.06.22"]

1. d4 Nf6 2. c4 g6 3. Nc3 Bg7 4. e4 d6 5. Nf3 O-O 6. Be2 Nbd7 7. O-O e5 8. Qc2
Re8 9. Rd1 c6 10. d5 c5 11. Ne1 Rf8 12. a3 Ne8 13. Be3 f5 14. f3 f4 15. Bf2 g5
16. b4 b6 17. bxc5 bxc5 18. Rab1 h5 19. g4 Rf6 20. h3 Rh6 21. Kg2 Nf8 22. Nd3
Ng6 23. Rh1 Bf6 24. Qb3 Kf7 25. a4 Qe7 26. a5 Nc7 27. Qa4 Bd7 28. Qa3 Rah8 29.
Rb7 Bc8 30. Rxa7 hxg4 31. fxg4 f3+ 32. Bxf3 Nf4+ 33. Nxf4 exf4 34. Nb5 Nxb5 35.
Rxe7+ Bxe7 36. cxb5 Bd7 37. b6 Rb8 38. a6 Rxb6 39. a7 Rh8 40. a8=Q Rxa8 41. Qxa8
Rb2 42. Qa3 Rd2 43. Rb1 Bf6 44. Rb7 Ke7 45. Qa7 Bd4 46. Rxd7+ Kf6 47. Rf7+ Kg6
48. Re7 Rxf2+ 49. Kh1 Rf1+ 50. Kh2 Rf2+ 51. Bg2 f3 52. Re6+ Bf6 53. Rxf6+ Kxf6
54. Qc7 Rxg2+ 55. Kh1 Ke5 56. Qg7+ Kxe4 57. Qxg5 Re2 58. Qf5+ Ke3 59. g5 Kf2 60.
Kh2 Re1 61. Qf4 Rg1 62. Qh4+ Kf1 63. Qf4 Rg2+ 64. Kh1 Rg1+ 65. Kh2 Rg2+ 66. Kh1
Rg1+ 67. Kh2 1/2-1/2

[Event "Women's Speed Chess Q5"]
[Site "chess.com INT"]
[Date "2020.06.22"]
[Round "1"]
[White "Miroshnik, Ekaterina"]
[Black "Kovacs, Klara"]
[Result "1/2-1/2"]
[WhiteTitle "WFM"]
[BlackTitle "WIM"]
[WhiteElo "2139"]
[BlackElo "2154"]
[WhiteFideId "34127698"]
[BlackFideId "733210"]
[EventDate "2020.06.22"]

1. d3 e6 2. Nd2 d5 3. Ngf3 Nf6 4. e4 c5 5. Be2 Nc6 6. O-O Qc7 7. c3 Be7 8. Re1
O-O 9. Qc2 b5 10. Nf1 Rb8 11. Ng3 b4 12. Bf1 Bb7 13. Bd2 a5 14. Rad1 Rfd8 15. e5
Nd7 16. d4 cxd4 17. cxd4 Rdc8 18. Bd3 Ncxe5 19. Nxe5 Qxc2 20. Bxc2 Nxe5 21. Bb1
Nc4 22. Bc1 Bf6 23. f4 Nd6 24. f5 exf5 25. Nxf5 Nxf5 26. Bxf5 Re8 27. Kf2 g6 28.
Bb1 Kg7 29. Rxe8 Rxe8 30. Be3 h5 31. Bd3 Rc8 32. Ke2 Bc6 33. b3 Bd7 34. h3 g5
35. Rf1 g4 36. hxg4 Bxg4+ 37. Kd2 Ra8 38. Bf5 a4 39. Bxg4 hxg4 40. Rf4 axb3 41.
axb3 Ra2+ 42. Ke1 Rxg2 43. Kf1 Rb2 44. Rxg4+ Kf8 45. Rg3 Ke7 46. Bf2 Rd2 47. Be3
Rd3 48. Ke2 Rxb3 49. Rg8 Rb2+ 50. Kd3 Rb3+ 51. Kd2 Rc3 52. Rb8 Rc4 53. Kd3 Ke6
54. Rb5 Be7 55. Rb6+ Kf5 56. Rb7 Ke6 57. Rb6+ Kd7 58. Bd2 f5 59. Rb7+ Rc7 60.
Rb6 Rc6 61. Rb7+ Ke6 62. Bxb4 Bxb4 63. Rxb4 f4 64. Rb8 Kf5 65. Rd8 Kg4 66. Rxd5
f3 67. Ke3 Re6+ 68. Kf2 Re2+ 69. Kf1 Rd2 70. Rd8 Kg3 71. Rg8+ Kf4 72. Rf8+ Ke3
73. Re8+ Kxd4 74. Rd8+ Ke3 75. Rxd2 Kxd2 76. Kf2 Kd3 77. Kxf3 1/2-1/2

[Event "Women's Speed Chess Q5"]
[Site "chess.com INT"]
[Date "2020.06.22"]
[Round "1"]
[White "Shafigullina, Zarina"]
[Black "Singgih, Diajeng Theresa"]
[Result "1-0"]
[WhiteTitle "WFM"]
[BlackTitle "WFM"]
[WhiteElo "2296"]
[BlackElo "1972"]
[WhiteFideId "24174220"]
[BlackFideId "7104391"]
[EventDate "2020.06.22"]

1. d4 d5 2. Nf3 Nf6 3. g3 e6 4. Bg2 Bd6 5. O-O O-O 6. c4 b6 7. b3 c5 8. Nc3 Bb7
9. cxd5 exd5 10. Bb2 Nbd7 11. Re1 Rc8 12. Rc1 Ne4 13. Nxe4 dxe4 14. Ne5 Nxe5 15.
dxe5 Bb8 16. Qc2 Qd5 17. Red1 Qc6 18. f4 exf3 19. exf3 Rce8 20. f4 Qxg2+ 21.
Qxg2 Bxg2 22. Kxg2 Rd8 23. Kf3 a6 24. Ke4 Ba7 25. Bc3 b5 26. Rd5 Rxd5 27. Kxd5
Rd8+ 28. Kc6 c4 29. bxc4 bxc4 30. Ba5 Rd4 31. Kb7 Bc5 32. Kxa6 Ba3 33. Rc2 h6
34. Kb5 g5 35. Rxc4 Rxc4 36. Kxc4 gxf4 37. gxf4 Bc1 38. Bc7 Bxf4 39. h3 Kf8 40.
a4 f6 41. Kd5 fxe5 42. Bxe5 Bd2 43. Bc7 Ke8 44. a5 Kd7 45. Bb6 Kc8 46. Ke6 Kb7
47. Kf6 Ka6 48. Kg6 Bc1 49. Bd8 Bd2 50. h4 Bc1 51. h5 Bd2 52. Bc7 Kb5 53. Bd8
Ka6 54. Kh7 Kb5 55. Kg7 Ka6 56. Kg6 Kb5 57. Bf6 Kxa5 58. Bg7 Kb6 59. Bxh6 Be1
60. Be3+ Kc6 61. h6 Bc3 62. h7 Kd7 63. Bh6 Ke7 64. Bg7 Ke8 65. h8=Q+ Ke7 66.
Bxc3 Kd7 67. Qe5 1-0

[Event "Women's Speed Chess Q5"]
[Site "chess.com INT"]
[Date "2020.06.22"]
[Round "1"]
[White "Huda, Maryana"]
[Black "Mammadova, Gulnar"]
[Result "0-1"]
[WhiteTitle "WGM"]
[BlackTitle "IM"]
[WhiteElo "2128"]
[BlackElo "2382"]
[WhiteFideId "14116553"]
[BlackFideId "13403508"]
[EventDate "2020.06.22"]

1. e4 g6 2. d4 Bg7 3. Nf3 d6 4. Bc4 e6 5. c3 Ne7 6. Bf4 O-O 7. Qd2 d5 8. Bd3 b6
9. Bh6 Bb7 10. Bxg7 Kxg7 11. e5 c5 12. h4 h5 13. Qf4 Nf5 14. Nbd2 Nd7 15. Nf1
cxd4 16. cxd4 Qe7 17. a3 f6 18. Ne3 fxe5 19. Nxe5 Nxe5 20. Qxe5+ Qf6 21. Qxf6+
Kxf6 22. Nxf5 gxf5 23. f3 e5 24. dxe5+ Kxe5 25. Kf2 Kd6 26. g3 Rf7 27. Rad1 Rg8
28. Rhg1 a6 29. f4 b5 30. Be2 Rh7 31. Bf3 Rc8 32. Rd2 Ke6 33. Re1+ Kf6 34. Re5
Rd8 35. Ree2 d4 36. Bxb7 Rxb7 37. Re5 Rc7 38. Re1 a5 39. Red1 Rcd7 40. Ke2 Re7+
41. Kf2 Red7 42. Ke2 Ke6 43. Kd3 Kd5 44. Re2 Rg7 45. Re5+ Kc6 46. Rc1+ Kb6 47.
Rxf5 Rxg3+ 48. Kd2 d3 49. Rf6+ Kb7 50. Rc5 Rg2+ 51. Kd1 Rxb2 52. Rcc6 Rd7 53.
Rb6+ Kc7 54. Rbc6+ Kd8 55. Rf8+ Ke7 56. Rh8 d2 57. Rh7+ Kd8 58. Ra6 Rxh7 59.
Ra8+ Kc7 60. Ra7+ Kb6 61. Rxh7 Rb3 62. Kxd2 Rxa3 63. Rxh5 Rh3 64. Rh6+ Kc5 65.
h5 b4 66. Rh8 b3 67. Kc1 Kb4 68. Rb8+ Ka3 69. Rb5 Rh1+ 70. Kd2 b2 71. Rxa5+ Kb4
72. Ra8 b1=Q 73. Rb8+ Kc4 74. Rxb1 Rxb1 75. Ke3 Rh1 76. Ke4 Kc5 77. Ke5 Rxh5+
78. f5 Kc6 79. Ke6 Kc7 80. f6 Kd8 81. Kf7 Rh8 82. Kg7 Rh1 0-1

[Event "Women's Speed Chess Q5"]
[Site "chess.com INT"]
[Date "2020.06.22"]
[Round "1"]
[White "Bodnaruk, Anastasia"]
[Black "Cholleti, Sahajasri"]
[Result "1-0"]
[WhiteTitle "IM"]
[BlackTitle "WIM"]
[WhiteElo "2411"]
[BlackElo "2235"]
[WhiteFideId "4181751"]
[BlackFideId "5045118"]
[EventDate "2020.06.22"]

1. e4 c5 2. Nc3 d6 3. g3 g6 4. Bg2 Bg7 5. d3 Nc6 6. Be3 Rb8 7. Qd2 b5 8. Nge2 b4
9. Nd1 Nd4 10. O-O e6 11. Nc1 Ne7 12. c3 bxc3 13. bxc3 Ndc6 14. f4 O-O 15. Ne2
Qa5 16. g4 f5 17. gxf5 exf5 18. Nb2 Nd4 19. Nc4 Nxe2+ 20. Qxe2 Qa6 21. e5 dxe5
22. Bxc5 Re8 23. fxe5 Nc6 24. Bd5+ Kh8 25. Nd6 Be6 26. Nxe8 Bxd5 27. Nd6 Nxe5
28. Rae1 Qc6 29. d4 Nf3+ 30. Rxf3 Bxf3 31. Qe6 Bd5 32. Nf7+ Kg8 33. Qxc6 Bxc6
34. Ng5 h6 35. Ne6 Re8 36. Kf1 Kf7 37. Nf4 Bb5+ 38. Kf2 Rxe1 39. Kxe1 g5 40. Nd5
Bc4 41. Ne3 Bxa2 42. Nxf5 h5 43. Bxa7 Bb1 44. Ne3 g4 45. c4 Ke6 46. d5+ Kd7 47.
Ke2 Be5 48. Nf1 Be4 49. Bf2 Bg2 50. Ng3 h4 51. Nf5 h3 52. Bg3 Bxg3 53. Nxg3 Kd6
54. Kd3 Kc5 55. Kc3 Bf3 56. Kd3 Bg2 57. Kc3 Bf3 58. Nf5 Be2 59. Ng3 Bxc4 60. d6
Be6 61. Ne4+ Kc6 62. Kd4 Bf5 63. Ng3 Kxd6 64. Nxf5+ Ke6 65. Ng3 Kf6 66. Ke3 Kg5
67. Ke4 Kh4 68. Ke3 Kg5 69. Ke4 Kh4 70. Kd3 Kg5 71. Ke2 Kf4 72. Kf2 Kg5 73. Ne2
Kh4 74. Kg1 Kg5 75. Kf1 Kh4 76. Kf2 Kg5 77. Kg3 Kh5 78. Nd4 Kg5 79. Nc2 Kh5 80.
Ne3 Kg5 81. Nxg4 Kh5 82. Nf2 Kg5 83. Nxh3+ Kh5 84. Nf4+ Kh6 85. h4 Kh7 86. Kg4
Kh6 87. h5 Kh7 88. Kg5 Kg7 89. h6+ Kh7 90. Kh5 Kh8 91. Kg6 Kg8 92. Ng2 Kh8 93.
Nh4 Kg8 94. Nf3 Kh8 95. Ng5 Kg8 96. h7+ Kh8 97. Nf7# 1-0

[Event "Women's Speed Chess Q5"]
[Site "chess.com INT"]
[Date "2020.06.22"]
[Round "2"]
[White "Franco Valencia, Angela"]
[Black "Vidyarthi, Omya"]
[Result "0-1"]
[WhiteTitle "WIM"]
[BlackTitle "WCM"]
[WhiteElo "2089"]
[BlackElo "1709"]
[WhiteFideId "4403070"]
[BlackFideId "30931665"]
[EventDate "2020.06.22"]

1. e4 e5 2. Nf3 Nc6 3. Bc4 Bc5 4. c3 Nf6 5. d3 h6 6. b4 Bb6 7. a4 a6 8. a5 Ba7
9. h3 d6 10. Bb3 Be6 11. Nbd2 O-O 12. Nf1 Ne7 13. g4 Ng6 14. Ng3 d5 15. Qe2 dxe4
16. Bxe6 exf3 17. Bxf7+ Rxf7 18. Qc2 Rd7 19. d4 Nh4 20. dxe5 Ng2+ 21. Kf1 Rd1+ 0-1

[Event "Women's Speed Chess Q5"]
[Site "chess.com INT"]
[Date "2020.06.22"]
[Round "2"]
[White "Klinova, Masha"]
[Black "Bodnaruk, Anastasia"]
[Result "0-1"]
[WhiteTitle "IM"]
[BlackTitle "IM"]
[WhiteElo "2275"]
[BlackElo "2411"]
[WhiteFideId "2802015"]
[BlackFideId "4181751"]
[EventDate "2020.06.22"]

1. e4 c5 2. Nf3 d6 3. Bb5+ Bd7 4. Bxd7+ Qxd7 5. c4 Nf6 6. Nc3 g6 7. d4 cxd4 8.
Nxd4 Bg7 9. f3 O-O 10. Be3 Nc6 11. Rc1 Rac8 12. b3 e6 13. O-O Rfd8 14. Qd2 a6
15. Rfd1 Qe7 16. Qf2 d5 17. cxd5 exd5 18. exd5 Nb4 19. Nde2 Re8 20. Bc5 Qxc5 21.
Qxc5 Rxc5 22. d6 Nd7 23. Na4 Rxc1 0-1

[Event "Women's Speed Chess Q5"]
[Site "chess.com INT"]
[Date "2020.06.22"]
[Round "2"]
[White "Tomilova, Elena"]
[Black "Golubenko, Valentina"]
[Result "1-0"]
[WhiteTitle "WGM"]
[BlackTitle "WGM"]
[WhiteElo "2353"]
[BlackElo "2209"]
[WhiteFideId "4162340"]
[BlackFideId "4501993"]
[EventDate "2020.06.22"]

1. d4 g6 2. e4 Bg7 3. Nc3 c5 4. Nf3 cxd4 5. Nxd4 Nc6 6. Be3 Nf6 7. Bc4 O-O 8.
Bb3 Ng4 9. Qxg4 Nxd4 10. Qh4 Nxb3 11. axb3 Qc7 12. O-O Bxc3 13. bxc3 d6 14. c4
f5 15. exf5 Bxf5 16. c3 e5 17. Bh6 Rf7 18. Ra2 b5 19. cxb5 Qxc3 20. b6 Qxb3 21.
Rxa7 Rfxa7 22. bxa7 Rxa7 23. Qd8+ Kf7 24. Qxd6 Qe6 25. Qf8# 1-0

[Event "Women's Speed Chess Q5"]
[Site "chess.com INT"]
[Date "2020.06.22"]
[Round "2"]
[White "Osmak, Iulija"]
[Black "Bommini, Mounika Akshaya"]
[Result "1-0"]
[WhiteTitle "IM"]
[BlackTitle "WFM"]
[WhiteElo "2438"]
[BlackElo "2029"]
[WhiteFideId "14101602"]
[BlackFideId "25019872"]
[EventDate "2020.06.22"]

1. d4 Nf6 2. c4 c5 3. d5 e6 4. Nc3 exd5 5. cxd5 d6 6. e4 g6 7. f4 a6 8. Nf3 b5
9. e5 Nfd7 10. a4 b4 11. Ne4 dxe5 12. fxe5 Nxe5 13. Nxe5 Qe7 14. Bf4 Bg7 15. d6
Qe6 16. Bc4 Qf5 17. Bxf7+ Kf8 18. O-O Bb7 19. Bd5 1-0